Best Practices in Organization Development and Change (Record no. 2569)

MARC details
000 -LEADER
fixed length control field 00635nam a22002177a 4500
003 - CONTROL NUMBER IDENTIFIER
control field OSt
005 - DATE AND TIME OF LATEST TRANSACTION
control field 20200130124649.0
008 - FIXED-LENGTH DATA ELEMENTS--GENERAL INFORMATION
fixed length control field 151113b xxu||||| |||| 00| 0 eng d
020 ## - INTERNATIONAL STANDARD BOOK NUMBER
International Standard Book Number 9780470596753
040 ## - CATALOGING SOURCE
Transcribing agency DDC
082 ## - DEWEY DECIMAL CLASSIFICATION NUMBER
Classification number 658.4 BES 2001
100 ## - MAIN ENTRY--PERSONAL NAME
Personal name Edited by Carter, Louis; Giber, David; Goldsmith, Marshall
9 (RLIN) 6161
245 ## - TITLE STATEMENT
Title Best Practices in Organization Development and Change
260 ## - PUBLICATION, DISTRIBUTION, ETC. (IMPRINT)
Place of publication, distribution, etc. San Francisco;
Name of publisher, distributor, etc. Jossey-Bass,
Date of publication, distribution, etc. 2001
300 ## - PHYSICAL DESCRIPTION
Extent xx,551p;
Other physical details Ill:
Dimensions 24CM
504 ## - BIBLIOGRAPHY, ETC. NOTE
Bibliography, etc Index included
600 ## - SUBJECT ADDED ENTRY--PERSONAL NAME
Personal name
9 (RLIN) 6162
650 ## - SUBJECT ADDED ENTRY--TOPICAL TERM
Topical term or geographic name as entry element Organization practice
9 (RLIN) 481
650 ## - SUBJECT ADDED ENTRY--TOPICAL TERM
Topical term or geographic name as entry element Human resource
9 (RLIN) 5954
942 ## - ADDED ENTRY ELEMENTS (KOHA)
Source of classification or shelving scheme Dewey Decimal Classification
Koha item type Open Shelf
Holdings
Withdrawn status Lost status Source of classification or shelving scheme Damaged status Not for loan Home library Current library Date acquired Source of acquisition Inventory number Total Checkouts Full call number Barcode Date last seen Koha item type
    Dewey Decimal Classification     MUST Main Library MUST Main Library 30/01/2020 Donation 11/35495   658.4 BES 2001 2020-0250 30/01/2020 Open Shelf